Statistics for Strongest country per century

Click here to take the quiz!

General Stats

  • This quiz has been taken 194 times
  • The average score is 14 of 27

Answer Stats

HintAnswer% Correct
21stUSA
98%
19thBritish Empire
97%
18thBritish Empire
97%
20thUSSR
94%
17thFrance
86%
16thSpain
81%
15thOttoman Empire
79%
1stRoman Empire
72%
2ndRoman Empire
72%
3rdRoman Empire
72%
4thRoman Empire
72%
5th BCAchaemenid Empire
67%
6th BCAchaemenid Empire
67%
13thMongol Empire
46%
6thByzantine Empire
44%
10thByzantine Empire
44%
12thHoly Roman Empire
38%
4th BCMacedonian Empire
32%
3rd BCCarthage
21%
14thTimurid Empire
21%
5thHunnic Empire
18%
1st BCRoman Republic
17%
2nd BCRoman Republic
17%
9thFrankish Empire
12%
11thSeljuk Empire
11%
7thArab Caliphate
8%
8thArab Caliphate
8%

Score Distribution

Percentile by Number Answered

Percent of People with Each Score

Your Score History

You have not taken this quiz